The network society /

Bibliographic Details
Main Author: Barney, Darin David, 1966-
Format: Book
Language:English
Published: Cambridge ; Malden, MA : Polity, 2004.
Series:Key concepts (Polity Press)
Subjects:

MARC

Tag First Indicator Second Indicator Subfields
LEADER 00000cam a2200000 a 4500
001 in00001996021
005 20151031115323.0
008 040503s2004 enk b 001 0 eng d
010 |a  2005270852 
015 |a GBA4X4476  |2 bnb 
016 7 |a 012876597  |2 Uk 
019 |a 56984977 
020 |a 0745626696 (pbk.) 
020 |a 0745626688 
035 |a (OCoLC)ocm56454600 
040 |a XLM  |c XLM  |d DLC  |d UKM  |d C#P  |d TXA  |d UtOrBLW 
042 |a lccopycat 
049 |a TXAM 
050 0 0 |a HM851  |b .B375 2004 
082 0 4 |a 303.4833  |2 22 
100 1 |a Barney, Darin David,  |d 1966- 
245 1 4 |a The network society /  |c Darin Barney. 
264 1 |a Cambridge ;  |a Malden, MA :  |b Polity,  |c 2004. 
300 |a 198 pages ;  |c 22 cm. 
336 |a text  |b txt  |2 rdacontent 
337 |a unmediated  |b n  |2 rdamedia 
338 |a volume  |b nc  |2 rdacarrier 
490 1 |a Key concepts (Polity Press) 
504 |a Includes bibliographical references (pages [182]-194) and index. 
650 0 |a Information society. 
650 0 |a Internet  |x Social aspects. 
830 0 |a Key concepts (Polity Press) 
948 |a cataloged  |b h  |c 2005/5/31  |d c  |e ceaton  |f 10:35:13 am 
994 |a C0  |b TXA 
999 |a MARS 
999 f f |s e02560a4-ba00-3b16-9cff-3cf390940493  |i b6f1dd26-a60d-302d-b5e0-9a1a84e6e6c3  |t 0 
952 f f |p ric  |a Texas A&M University  |b Rellis Campus  |c Joint Library Facility  |d Remote Storage  |t 0  |e HM851 .B375 2004  |h Library of Congress classification  |i unmediated -- volume  |m A14833774994 
998 f f |a HM851 .B375 2004  |t 0  |l Remote Storage